[Event "Xtracon Chess Open 2018"]
[Site "Elsinore"]
[Date "2018.07.22"]
[Round "2"]
[White "Mansoor, Areeb"]
[Black "Stochkel, Casper"]
[Result "0-1"]
[WhiteElo "1205"]
[BlackElo "1784"]
[EventDate "2018.07.21"]
[WhiteFideId "1535870"]
[BlackFideId "1426702"]

1.e4 c5 2.Nf3 d6 3.Bc4 Nf6 4.d3 Nc6 5.Nc3 g6 6.Be3 Bg7 7.Qd2 Ng4 8.Bg5 h6 
9.Be3 Nxe3 10.Qxe3 Nd4 11.Qd2 a6 12.a3 b5 13.Ba2 O-O 14.O-O-O b4 15.axb4 
cxb4 16.Ne2 Qa5 17.Kb1 Be6 18.Bxe6 Nxe6 19.h4 Qa4 20.g4 b3 21.Rdg1 Qa2+ 
0-1

[Event "Xtracon Chess Open 2018"]
[Site "Elsinore"]
[Date "2018.07.22"]
[Round "2"]
[White "Kristiansen, Elias V."]
[Black "Nielsen, Palle"]
[Result "0-1"]
[WhiteElo "1163"]
[BlackElo "1771"]
[EventDate "2018.07.21"]
[WhiteFideId "1530003"]
[BlackFideId "1408526"]

1.d4 d5 2.c4 c6 3.Nf3 Nf6 4.Bf4 e6 5.a3 h6 6.e3 Nh5 7.Bxb8 Rxb8 8.Ne5 Nf6 
9.cxd5 exd5 10.Qb3 Bd6 11.f4 O-O 12.Nd2 Qe7 13.h4 Nh5 14.O-O-O Ng3 15.Rg1 
Bxe5 16.fxe5 Qxh4 17.Nf3 Qe7 18.Bd3 Be6 19.Qc2 Rfc8 20.Qf2 Ne4 21.Bxe4 
dxe4 22.Nd2 c5 23.Kb1 cxd4 24.exd4 Qd7 25.Nxe4 Qd5 26.Nc3 Qb3 27.d5 Bg4 
28.Rd4 Rxc3 29.Rb4 Qxd5 30.bxc3 Be6 31.c4 Qe4+ 32.Kb2 Qxe5+ 33.Kb3 b5 34.
Rf1 a5 35.Re1 bxc4+ 36.Kc2 Bf5+ 37.Kc1 Qc3+ 38.Kd1 Rd8+ 39.Ke2 Qd3# 0-1

[Event "Xtracon Chess Open 2018"]
[Site "Elsinore"]
[Date "2018.07.22"]
[Round "3"]
[White "Vitiugov, Nikita"]
[Black "Aabling-Thomsen, Jakob"]
[Result "1/2-1/2"]
[WhiteElo "2734"]
[BlackElo "2379"]
[EventDate "2018.07.21"]
[WhiteFideId "4152956"]
[BlackFideId "1407589"]

1.d4 Nf6 2.Nf3 g6 3.Nc3 d5 4.Bf4 a6 5.Qd2 b5 6.g3 Bb7 7.Bg2 Nbd7 8.Ne5 c5 
9.dxc5 Nxc5 10.Rd1 e6 11.a3 Rc8 12.O-O Bg7 13.Bh6 O-O 14.Bxg7 Kxg7 15.Qd4 
Kg8 16.h4 Ncd7 17.Nxd7 Nxd7 18.e4 Rc4 19.Qd2 d4 20.Ne2 e5 21.c3 Nc5 22.
cxd4 Nb3 23.Qe3 Nxd4 24.Kh2 Qf6 25.Nxd4 Rxd4 26.Rxd4 exd4 27.Qd2 Rd8 28.e5
1/2-1/2

[Event "Xtracon Chess Open 2018"]
[Site "Elsinore"]
[Date "2018.07.22"]
[Round "3"]
[White "Haubro, Martin"]
[Black "Andreikin, Dmitry"]
[Result "0-1"]
[WhiteElo "2373"]
[BlackElo "2702"]
[EventDate "2018.07.21"]
[WhiteFideId "1414291"]
[BlackFideId "4158814"]

1.e4 c5 2.Nf3 e6 3.d4 cxd4 4.Nxd4 a6 5.Bd3 Bc5 6.Nb3 Be7 7.Qg4 Bf6 8.N1d2 
Nc6 9.Qg3 Ne5 10.O-O h5 11.Be2 h4 12.Qe3 h3 13.f4 hxg2 14.Rf2 Ng6 15.Nc4 
d5 16.exd5 N8e7 17.d6 Nf5 18.Qc5 Bd7 19.Nb6 O-O 20.Nxa8 Qxa8 21.Bf3 Ngh4 
22.Be4 Rc8 23.Qb4 Qb8 24.Qxb7 Qxd6 25.Rd2 Qxf4 26.Rf2 Qg4 27.Bd2 Rd8 28.
Bxf5 Nxf5 29.Qf3 Qxf3 30.Rxf3 Bc6 31.Rd3 Rxd3 32.cxd3 Bxb2 33.Rb1 Nd4 34.
Kf2 Nf3 35.Be3 g1=Q+ 36.Rxg1 Nxg1 37.Kxg1 Bb5 38.d4 Bc4 39.Kf2 f6 40.Bc1 
Bxc1 41.Nxc1 Kf7 0-1

[Event "Xtracon Chess Open 2018"]
[Site "Elsinore"]
[Date "2018.07.22"]
[Round "3"]
[White "Saric, Ivan"]
[Black "Pantzar, Milton"]
[Result "1-0"]
[WhiteElo "2689"]
[BlackElo "2333"]
[EventDate "2018.07.21"]
[WhiteFideId "14508150"]
[BlackFideId "1721003"]

1.e4 e5 2.Nf3 Nc6 3.Bb5 a6 4.Ba4 Nf6 5.O-O Be7 6.Re1 b5 7.Bb3 d6 8.c3 O-O 
9.h3 Na5 10.Bc2 c5 11.d4 Qc7 12.Nbd2 Be6 13.Nf1 cxd4 14.cxd4 Rac8 15.Ne3 
Nc4 16.Nxc4 Bxc4 17.b3 Be6 18.Bd3 exd4 19.Nxd4 d5 20.exd5 Nxd5 21.Bb2 Nf4 
22.Rc1 Qb7 23.Be4 Bd5 24.Rxc8 Rxc8 25.Bxd5 Nxd5 26.Nf5 Bf8 27.Bxg7 Bxg7 
28.Qg4 f6 29.Nd6 1-0

[Event "Xtracon Chess Open 2018"]
[Site "Elsinore"]
[Date "2018.07.22"]
[Round "3"]
[White "Roy, Prantik"]
[Black "Grandelius, Nils"]
[Result "1/2-1/2"]
[WhiteElo "2347"]
[BlackElo "2668"]
[EventDate "2018.07.21"]
[WhiteFideId "5035120"]
[BlackFideId "1710400"]

1.d4 Nf6 2.Nf3 d5 3.Bf4 e6 4.e3 c5 5.c3 Bd6 6.Bg3 O-O 7.Nbd2 Qc7 8.Bd3 
Nbd7 9.O-O Bxg3 10.hxg3 e5 11.e4 cxd4 12.cxd4 exd4 13.exd5 Nxd5 14.Rc1 Qb6
15.Nc4 Qh6 16.Nxd4 Nc5 17.Bb1 Rd8 18.Ne5 Ne6 19.Ng4 Qg5 20.Nh2 Ne3 21.Qd3 
Nxd4 22.Qxh7+ Kf8 23.Rfe1 Be6 24.fxe3 Nc6 25.Nf1 a5 26.Qh8+ Ke7 27.Qh4 
Qxh4 28.gxh4 Ra6 29.Red1 Rxd1 30.Rxd1 Rb6 31.b3 a4 32.bxa4 Rb2 33.Be4 Rb4 
34.Ng3 Rxa4 35.Rb1 Ra7 36.Nf5+ Kf6 37.Nd4 Nxd4 38.exd4 Ra4 39.Rf1+ Ke7 40.
Bxb7 Rxd4 41.g3 Bxa2 1/2-1/2

[Event "Xtracon Chess Open 2018"]
[Site "Elsinore"]
[Date "2018.07.22"]
[Round "3"]
[White "Jobava, Baadur"]
[Black "Dauth, Benjamin"]
[Result "1-0"]
[WhiteElo "2644"]
[BlackElo "2325"]
[EventDate "2018.07.21"]
[WhiteFideId "13601520"]
[BlackFideId "4688104"]

1.d4 f5 2.b3 Nf6 3.Bb2 d5 4.e3 e6 5.Nc3 Bd6 6.Qd2 Ne4 7.Nxe4 fxe4 8.O-O-O 
Nd7 9.f3 Nf6 10.Ne2 Qe7 11.Kb1 Bd7 12.Nc3 Bb4 13.Qc1 a5 14.a3 Bd6 15.fxe4 
dxe4 16.Be2 Bc6 17.g4 Nd7 18.Rhf1 Nb6 19.Bb5 Qd7 20.a4 Bxb5 21.Nxb5 Nd5 
22.c4 Nb4 23.d5 exd5 24.cxd5 O-O-O 25.Qc4 Rhe8 26.h3 Re7 27.Rf5 Kb8 28.
Rdf1 Bg3 29.Ba3 c6 30.dxc6 Qxc6 31.Rc5 Qd7 32.Bxb4 axb4 33.Rd5 Qe8 34.
Rxd8+ Qxd8 35.Qd4 Qe8 36.Qa7+ Kc8 37.Qa8+ 1-0

[Event "Xtracon Chess Open 2018"]
[Site "Elsinore"]
[Date "2018.07.22"]
[Round "3"]
[White "Jacobsen, Mikkel Manosri"]
[Black "Shirov, Alexei"]
[Result "0-1"]
[WhiteElo "2320"]
[BlackElo "2637"]
[EventDate "2018.07.21"]
[WhiteFideId "1444514"]
[BlackFideId "2209390"]

1.d4 d5 2.Bf4 c5 3.e3 cxd4 4.exd4 Nc6 5.c3 Nf6 6.Bd3 Bg4 7.Qb3 Qc8 8.Na3 
a6 9.Nc2 e6 10.Ne3 Bh5 11.h4 Be7 12.Nh3 Bg6 13.Be2 h6 14.Bh2 b5 15.Qd1 Na5
16.h5 Bh7 17.O-O O-O 18.g4 Nc4 19.Bxc4 bxc4 20.f4 Ne4 21.Qe2 Rb8 22.f5 Qb7
23.Bxb8 Rxb8 24.Rab1 Ng3 25.Qf3 Nxf1 26.Rxf1 Bh4 27.g5 hxg5 28.h6 exf5 29.
hxg7 g4 30.Qf4 gxh3 31.Qxh4 Qxb2 32.Qf4 Re8 33.Rf2 Qc1+ 34.Nf1 Qxf4 35.
Rxf4 Re2 36.a4 Kxg7 0-1

[Event "Xtracon Chess Open 2018"]
[Site "Elsinore"]
[Date "2018.07.22"]
[Round "3"]
[White "Hammer, Jon Ludvig"]
[Black "Tryggestad, Andreas Garberg"]
[Result "1-0"]
[WhiteElo "2631"]
[BlackElo "2302"]
[EventDate "2018.07.21"]
[WhiteFideId "1503707"]
[BlackFideId "1513338"]

1.e4 c5 2.Nf3 e6 3.g3 d5 4.exd5 exd5 5.d4 Nf6 6.Bg2 Be7 7.O-O cxd4 8.Nxd4 
O-O 9.Nd2 Nc6 10.N2f3 Bg4 11.c3 Qb6 12.Nb3 Bf5 13.Be3 Qc7 14.Bf4 Qb6 15.a4
a5 16.Be3 Qc7 17.Nfd4 Be4 18.Bh3 Qd8 19.Nf5 Re8 20.Nxe7+ Qxe7 21.Bc5 Qc7 
22.f3 Bg6 23.Bd4 Nxd4 24.Nxd4 h5 25.Nb5 Qc4 26.Rf2 Re7 27.Qd4 Rae8 28.Rd2 
Re2 29.Qxc4 dxc4 30.Rad1 Bd3 31.Nd6 R8e7 32.Rxe2 Rxe2 33.Bf1 Rxb2 34.Nxc4 
Bxc4 35.Rd8+ Kh7 36.Bxc4 Kg6 37.Bd3+ 1-0

[Event "Xtracon Chess Open 2018"]
[Site "Elsinore"]
[Date "2018.07.22"]
[Round "3"]
[White "Rydstrom, Tom"]
[Black "Maze, Sebastien"]
[Result "0-1"]
[WhiteElo "2307"]
[BlackElo "2628"]
[EventDate "2018.07.21"]
[WhiteFideId "1714830"]
[BlackFideId "613762"]

1.e4 e5 2.Nf3 Nc6 3.Bb5 a6 4.Ba4 d6 5.O-O Nf6 6.Re1 b5 7.Bb3 Na5 8.d4 Nxb3
9.axb3 Qe7 10.Nc3 c6 11.Qd3 Qc7 12.Bd2 Be7 13.Ne2 O-O 14.Ng3 Re8 15.Ba5 
Qb8 16.Qc3 Bf8 17.dxe5 dxe5 18.Qxc6 Bg4 19.Qc3 Rc8 20.Qd2 Bxf3 21.gxf3 Rc6
22.b4 Qc8 23.c3 h6 24.Rad1 Qh3 25.Qe2 Nh5 26.Kh1 Nf4 27.Qf1 Qh4 28.Ne2 
Nxe2 29.Qxe2 Be7 30.Rg1 Bg5 31.Rg4 Qh5 32.Rd5 Re8 33.Qd1 Qh3 34.Rg3 Qh4 
35.Qg1 g6 36.Rg4 Qh3 37.Qg2 Qxg2+ 38.Rxg2 Bc1 39.Rg1 Bxb2 40.Kg2 Bxc3 41.
Rgd1 g5 42.Rd6 Rec8 43.h4 Bd4 44.Rxc6 Rxc6 45.hxg5 hxg5 46.Rd2 f6 47.Kf1 
Rc1+ 48.Kg2 Kf7 49.Kg3 Ke6 50.Kg4 Rc4 51.Ra2 Rc8 52.Rd2 Kf7 53.Kf5 Rc3 54.
Kg4 Kg6 55.Ra2 Rc8 56.Rd2 Rc4 57.Ra2 Bc3 58.Kg3 f5 59.Bd8 fxe4 60.Rxa6+ 
Kh5 61.fxe4 Rxe4 62.Re6 Rxb4 63.f3 Rf4 64.Bc7 Rf5 65.Rb6 Rf7 66.Bd8 Be1+ 
67.Kg2 Ba5 68.Rd6 Bxd8 69.Rxd8 Rb7 70.Re8 b4 71.Rxe5 b3 72.Re1 b2 73.Rb1 
Kg6 74.Kf2 Kf5 75.Kg3 Rb4 76.Kf2 Kf4 77.Ke2 Rb3 78.Kf2 Rxf3+ 0-1

[Event "Xtracon Chess Open 2018"]
[Site "Elsinore"]
[Date "2018.07.22"]
[Round "3"]
[White "Thogersen, Rasmus"]
[Black "Andersen, Mads"]
[Result "0-1"]
[WhiteElo "2297"]
[BlackElo "2597"]
[EventDate "2018.07.21"]
[WhiteFideId "1431412"]
[BlackFideId "1413864"]

1.e4 c5 2.Nf3 e6 3.d4 cxd4 4.Nxd4 Nc6 5.Nc3 Qc7 6.Be3 a6 7.Qd2 Nf6 8.O-O-O
Bb4 9.f3 Ne5 10.g4 b5 11.Kb1 Be7 12.g5 Nh5 13.f4 Nc4 14.Bxc4 Qxc4 15.Nce2 
Bb4 16.Qd3 Bb7 17.Ng3 Nxg3 18.hxg3 O-O-O 19.Rh2 h6 20.Rdh1 Rhg8 21.gxh6 
gxh6 22.Rg1 Rg6 23.a4 Rdg8 24.axb5 Qxd3 25.cxd3 Rxg3 26.Rxg3 Rxg3 27.Nc2 
Bf8 28.b6 d5 29.exd5 Bxd5 30.Kc1 Kb7 31.Kd2 f5 32.b4 Rg2+ 33.Rxg2 Bxg2 34.
Kc3 h5 35.Bf2 Bg7+ 36.Kc4 Bd5+ 37.Kc5 Bf8+ 38.Kd4 Kc6 39.Kc3 Bg7+ 40.Kd2 
Bf6 41.Na3 Kb7 42.Nc4 h4 43.Nd6+ Kb8 44.Ne8 h3 45.Bg3 Bd4 0-1

[Event "Xtracon Chess Open 2018"]
[Site "Elsinore"]
[Date "2018.07.22"]
[Round "3"]
[White "Agdestein, Simen"]
[Black "Goff, Ronan Le"]
[Result "1-0"]
[WhiteElo "2581"]
[BlackElo "2295"]
[EventDate "2018.07.21"]
[WhiteFideId "1500015"]
[BlackFideId "612073"]

1.Nf3 Nf6 2.b3 d5 3.Bb2 e6 4.e3 Bd6 5.d4 b6 6.Bd3 O-O 7.O-O Bb7 8.c4 Nbd7 
9.Nc3 a6 10.cxd5 exd5 11.Ne2 Re8 12.Rc1 Ne4 13.Ng3 Nxg3 14.hxg3 Qf6 15.Rc2
Qh6 16.g4 Nf8 17.g3 Bc8 18.Nh2 Nd7 19.Bc1 Qe6 20.g5 f5 21.f4 Bb7 22.g4 g6 
23.gxf5 gxf5 24.Nf3 Re7 25.Rh2 Rg7 26.Nh4 Rf8 27.Qc2 Rgf7 28.Rg2 Bc8 29.g6
Rf6 30.gxh7+ Kxh7 31.Rf3 Nb8 32.Nxf5 1-0

[Event "Xtracon Chess Open 2018"]
[Site "Elsinore"]
[Date "2018.07.22"]
[Round "3"]
[White "Lammers, Markus"]
[Black "Svane, Rasmus"]
[Result "1/2-1/2"]
[WhiteElo "2293"]
[BlackElo "2580"]
[EventDate "2018.07.21"]
[WhiteFideId "4680847"]
[BlackFideId "4657101"]

1.d4 Nf6 2.c4 e6 3.Nf3 d5 4.e3 Be7 5.b3 O-O 6.Nbd2 c5 7.dxc5 Bxc5 8.Bb2 
Nc6 9.Be2 b6 10.O-O Bb7 11.cxd5 exd5 12.Nd4 Nxd4 13.Bxd4 Bxd4 14.exd4 Rc8 
15.Nf3 Qd6 16.Re1 Ne4 17.Bd3 Qf4 18.Re3 Rc7 19.Qe2 Rfc8 20.Re1 Rc1 21.g3 
Qf6 22.Rxc1 Rxc1+ 23.Kg2 Qd6 24.Ng5 f5 25.Qh5 Qg6 26.Qxg6 hxg6 27.h4 Ra1 
28.a4 Ra2 29.Re2 Rxe2 30.Bxe2 Nxg5 31.hxg5 Bc6 32.Kf3 Kf7 33.Kf4 Ke6 34.
Bd3 Be8 35.Bc2 a5 36.Bd3 Kd6 37.Ba6 Bd7 38.Be2 Be8 39.Bf1 Bd7 40.Bd3 Be8 
41.g4 fxg4 42.Kxg4 Bd7+ 43.Kh4 Be8 44.Kg3 1/2-1/2

[Event "Xtracon Chess Open 2018"]
[Site "Elsinore"]
[Date "2018.07.22"]
[Round "3"]
[White "Debarshi, Mukherjee"]
[Black "Urkedal, Frode Olav Olsen"]
[Result "0-1"]
[WhiteElo "2292"]
[BlackElo "2552"]
[EventDate "2018.07.21"]
[WhiteFideId "5007291"]
[BlackFideId "1506102"]

1.d4 Nf6 2.c4 e6 3.g3 Bb4+ 4.Bd2 Be7 5.Bg2 d5 6.Nf3 O-O 7.O-O c6 8.Qc2 
Nbd7 9.Rd1 b6 10.Bf4 Bb7 11.Ne5 Rc8 12.Nc3 dxc4 13.Nxc4 Nd5 14.Ne5 Nxf4 
15.gxf4 Nf6 16.Qa4 a6 17.Rac1 b5 18.Qb3 Nd5 19.e3 f5 20.Nxd5 cxd5 21.a4 b4
22.Nd3 Qa5 23.Rxc8 Rxc8 24.Rc1 Rxc1+ 25.Nxc1 Bc6 26.Bf1 Kf7 27.Qd3 Bxa4 
28.Qxa6 Qxa6 29.Bxa6 h6 30.b3 Be8 31.Nd3 g5 32.Kg2 Kf6 33.Kg3 Bd6 34.h4 
gxf4+ 35.Nxf4 Bc6 36.Kh3 e5 37.Ne2 f4 38.dxe5+ Bxe5 39.exf4 Bb2 40.Kg3 d4 
41.Bc4 Be4 42.f3 d3 0-1

[Event "Xtracon Chess Open 2018"]
[Site "Elsinore"]
[Date "2018.07.22"]
[Round "3"]
[White "Chatalbashev, Boris"]
[Black "Mikalsen, Erlend"]
[Result "1/2-1/2"]
[WhiteElo "2543"]
[BlackElo "2292"]
[EventDate "2018.07.21"]
[WhiteFideId "2900440"]
[BlackFideId "1507338"]

1.d4 Nf6 2.c4 e6 3.Nc3 Bb4 4.Nf3 b6 5.e3 Bb7 6.Bd3 O-O 7.O-O d5 8.cxd5 
exd5 9.a3 Bd6 10.b4 Nbd7 11.Qb3 a6 12.a4 Qe7 13.Ba3 Rfb8 14.Rfb1 Ne4 15.
Nxd5 Bxd5 16.Qxd5 Nc3 17.Qh5 Nf6 18.Qh3 Nxb1 19.Rxb1 a5 20.e4 Nxe4 21.Ne5 
Ng5 22.Qh5 g6 23.Qh6 axb4 24.Nc6 Qf6 25.Bc1 Bf4 26.Ne7+ Kh8 27.Nd5 Bxc1 
28.Rxc1 Qd8 29.Nf4 Qf6 30.Nd5 Qd8 31.Nf4 Qf6 1/2-1/2

[Event "Xtracon Chess Open 2018"]
[Site "Elsinore"]
[Date "2018.07.22"]
[Round "3"]
[White "Foisor, Sabina-Francesca"]
[Black "Moradiabadi, Elshan"]
[Result "1/2-1/2"]
[WhiteElo "2285"]
[BlackElo "2538"]
[EventDate "2018.07.21"]
[WhiteFideId "1212915"]
[BlackFideId "12501255"]

1.c4 c6 2.d4 d5 3.cxd5 cxd5 4.Nf3 Nf6 5.Nc3 Nc6 6.Bf4 Bf5 7.e3 e6 8.Bd3 
Bxd3 9.Qxd3 Bd6 10.Bxd6 Qxd6 11.O-O O-O 1/2-1/2

[Event "Xtracon Chess Open 2018"]
[Site "Elsinore"]
[Date "2018.07.22"]
[Round "3"]
[White "Baum, Bernd"]
[Black "Hjartarson, Johann"]
[Result "0-1"]
[WhiteElo "2280"]
[BlackElo "2523"]
[EventDate "2018.07.21"]
[WhiteFideId "4611853"]
[BlackFideId "2300044"]

1.Nf3 Nf6 2.g3 g6 3.Bg2 Bg7 4.d4 O-O 5.O-O d6 6.Re1 Nbd7 7.e4 e5 8.Nc3 c6 
9.a4 Re8 10.h3 Qc7 11.Be3 b6 12.Qd2 Bb7 13.Bh6 a6 14.Bxg7 Kxg7 15.d5 cxd5 
16.exd5 Rac8 17.Nh2 Qd8 18.Ng4 Nxg4 19.hxg4 h6 20.Rad1 Rc4 21.Qe2 Qc7 22.
Rd2 Nf6 23.Bf3 Bc8 24.Qf1 Bxg4 25.Bxg4 Nxg4 26.Ne4 Rxa4 27.b3 Ra2 28.Qd3 
f5 29.Nc3 Ra5 0-1

[Event "Xtracon Chess Open 2018"]
[Site "Elsinore"]
[Date "2018.07.22"]
[Round "3"]
[White "Delorme, Axel"]
[Black "Rewitz, Poul"]
[Result "1-0"]
[WhiteElo "2515"]
[BlackElo "2289"]
[EventDate "2018.07.21"]
[WhiteFideId "632023"]
[BlackFideId "1401033"]

1.d4 Nf6 2.Nf3 g6 3.c4 Bg7 4.g3 c6 5.Bg2 d5 6.O-O O-O 7.Nbd2 Ne4 8.e3 Nxd2
9.Nxd2 Be6 10.Qe2 a5 11.cxd5 cxd5 12.Nb1 Nc6 13.Nc3 a4 14.Bd2 Qd7 15.Rfc1 
Rfd8 16.b3 axb3 17.axb3 Na5 18.Ra3 Ra6 19.Qb5 Qxb5 20.Nxb5 Nc6 21.Rxa6 
bxa6 22.Nc7 Nb8 23.Ba5 Rc8 24.Rc5 Nd7 25.Nxe6 Nxc5 26.Nxc5 e5 27.Bc3 exd4 
28.Bxd4 Bxd4 29.exd4 a5 30.Kf1 Re8 31.Nb7 Ra8 32.Nc5 Re8 33.h4 Kg7 34.Nd3 
h6 35.Nc5 f5 36.Bxd5 Kf6 37.Nd7+ Ke7 38.Ne5 Kd6 39.Bf7 Rf8 40.Ke2 g5 41.h5
Ra8 42.Kd3 a4 43.bxa4 Rxa4 44.Bb3 Ra1 45.Nf7+ Kd7 46.Nxh6 Rh1 47.Bf7 1-0

[Event "Xtracon Chess Open 2018"]
[Site "Elsinore"]
[Date "2018.07.22"]
[Round "3"]
[White "Song, Edward"]
[Black "Venkataraman, Karthik"]
[Result "1/2-1/2"]
[WhiteElo "2275"]
[BlackElo "2514"]
[EventDate "2018.07.21"]
[WhiteFideId "2051192"]
[BlackFideId "25006479"]

1.e4 c5 2.Nf3 d6 3.d4 Nf6 4.Nc3 cxd4 5.Nxd4 a6 6.Be3 Ng4 7.Bc1 Nf6 8.Be3 
e5 9.Nb3 Be6 10.Be2 Be7 11.Nd5 Nxd5 12.exd5 Bf5 13.Qd2 Nd7 14.O-O O-O 15.
Na5 Qc7 16.c4 Rfe8 17.b4 Rad8 18.Rac1 Nf6 19.f3 h5 20.Bd3 Bxd3 21.Qxd3 Rd7
22.Nb3 Qd8 23.Rcd1 h4 24.Nd2 Nh5 25.Ne4 f5 26.Nf2 Bg5 27.Qxf5 Bxe3 28.Qxh5
e4 29.fxe4 Rf7 30.Qe2 Qg5 31.Kh1 Ref8 32.Nh3 Rxf1+ 33.Rxf1 Rxf1+ 34.Qxf1 
Qe5 35.Ng1 Qxe4 36.h3 Qc2 37.Qe1 Qd3 38.Nf3 g5 39.c5 Bf4 40.c6 bxc6 41.
dxc6 Kf7 42.c7 Qc4 43.Qb1 Kg7 44.Qb2+ 1/2-1/2

[Event "Xtracon Chess Open 2018"]
[Site "Elsinore"]
[Date "2018.07.22"]
[Round "3"]
[White "Lin, Chen"]
[Black "Jorgensen, Brian"]
[Result "1-0"]
[WhiteElo "2508"]
[BlackElo "2281"]
[EventDate "2018.07.21"]
[WhiteFideId "8602298"]
[BlackFideId "1401599"]

1.b3 d5 2.Bb2 Nf6 3.f4 g6 4.Nf3 Bg7 5.e3 O-O 6.Be2 c5 7.Ne5 b6 8.O-O Bb7 
9.Bf3 Qc7 10.c4 Nbd7 11.Qc2 Rad8 12.Nc3 e6 13.Rac1 dxc4 14.bxc4 Bxf3 15.
Nxf3 a6 16.Rb1 Nb8 17.Na4 Nc6 18.Bxf6 Bxf6 19.Rxb6 Nb4 20.Qe4 Rb8 21.Rxb8 
Rxb8 22.a3 Qa5 23.axb4 Qxa4 24.bxc5 Rb4 25.d3 Rb8 26.Ne5 Bxe5 27.fxe5 Qb4 
28.Qf3 Rf8 29.c6 Qc5 30.Rb1 Qxe5 31.d4 Qa5 32.d5 Qc5 33.h3 Re8 34.Rb7 f5 
35.dxe6 Rxe6 36.c7 1-0

[Event "Xtracon Chess Open 2018"]
[Site "Elsinore"]
[Date "2018.07.22"]
[Round "3"]
[White "Laubsch, Bernd"]
[Black "Grigorov, Grigor"]
[Result "1/2-1/2"]
[WhiteElo "2269"]
[BlackElo "2506"]
[EventDate "2018.07.21"]
[WhiteFideId "4663314"]
[BlackFideId "2907313"]

1.e4 e6 2.d4 d5 3.Nd2 c5 4.exd5 exd5 5.Ngf3 Nc6 6.Bb5 cxd4 7.Nxd4 Bd7 8.
N2f3 Nf6 9.O-O Be7 10.c3 O-O 11.Bg5 h6 12.Bh4 Qb6 13.Re1 Rfe8 14.Qb3 g5 
15.Bg3 Bc5 16.Bxc6 Rxe1+ 17.Rxe1 bxc6 18.Qxb6 axb6 19.a3 Rc8 20.Ne5 Be8 
21.Nf5 Bf8 22.f3 c5 23.h3 Kh7 1/2-1/2

[Event "Xtracon Chess Open 2018"]
[Site "Elsinore"]
[Date "2018.07.22"]
[Round "3"]
[White "Bekker-Jensen, Simon"]
[Black "Buchenau, Frank"]
[Result "1-0"]
[WhiteElo "2483"]
[BlackElo "2275"]
[EventDate "2018.07.21"]
[WhiteFideId "1403613"]
[BlackFideId "4604350"]

1.d4 e6 2.c4 Nf6 3.Nc3 Bb4 4.e3 O-O 5.Ne2 c6 6.a3 Ba5 7.b4 Bc7 8.Ng3 d5 9.
Be2 e5 10.cxd5 Nxd5 11.Bb2 Nxc3 12.Bxc3 exd4 13.Bxd4 Bb6 14.Bb2 Qxd1+ 15.
Rxd1 Be6 16.O-O Na6 17.Nh5 f6 18.Nf4 Bb3 19.Bxa6 bxa6 20.Rc1 Rac8 21.Rc3 
Bf7 22.Rfc1 Rfd8 23.h4 Rd2 24.Ba1 a5 25.b5 c5 26.Nd3 c4 27.Nb2 Rc5 28.a4 
Bc7 29.R3c2 Rxc2 30.Rxc2 Kf8 31.Nd1 Rh5 32.Bd4 Bb6 33.g3 Rd5 34.Nc3 Rd7 
35.Rd2 Ke7 36.f3 Bg6 37.Kf2 Bd3 38.Bxb6 axb6 39.e4 f5 40.Ke3 fxe4 41.fxe4 
Rd6 42.Nd5+ Kd7 43.Nf4 Bb1 44.Rxd6+ Kxd6 45.Kd4 Bc2 46.e5+ Kc7 47.Nd5+ Kb7
48.Nc3 Kc7 49.Kxc4 Kd7 50.Nd5 Ke6 51.Nxb6 Kxe5 52.Kc5 Ke6 53.Kc6 Kf5 54.
Kc7 Kg4 55.Nd5 Kxg3 56.b6 1-0

[Event "Xtracon Chess Open 2018"]
[Site "Elsinore"]
[Date "2018.07.22"]
[Round "3"]
[White "Svane, Frederik"]
[Black "Ochsner, Bjorn Moller"]
[Result "0-1"]
[WhiteElo "2266"]
[BlackElo "2469"]
[EventDate "2018.07.21"]
[WhiteFideId "12923044"]
[BlackFideId "1416928"]

1.e4 e5 2.Nf3 Nc6 3.Bb5 a6 4.Ba4 Nf6 5.O-O Be7 6.d3 b5 7.Bb3 d6 8.a3 Na5 
9.Ba2 c5 10.Bg5 Be6 11.Bxe6 fxe6 12.b4 Nc6 13.bxc5 dxc5 14.a4 b4 15.Nbd2 
O-O 16.Bh4 Nd7 17.Bg3 g5 18.h4 gxh4 19.Nxh4 Bxh4 20.Qg4+ Kh8 21.Bxh4 Qe8 
22.Bg3 Rg8 23.Qd1 Qg6 24.Nf3 Raf8 25.Re1 Rf4 26.Re3 h5 27.Qf1 Rxf3 28.Rxf3
Nd4 29.Qd1 h4 30.Re3 hxg3 31.Rxg3 Qh6 32.Rxg8+ Kxg8 33.Ra2 Nf6 34.Rb2 Qh4 
35.f3 Nh5 36.c3 bxc3 37.Rb8+ Kh7 38.Qb1 c2 0-1

[Event "Xtracon Chess Open 2018"]
[Site "Elsinore"]
[Date "2018.07.22"]
[Round "3"]
[White "Keymer, Vincent"]
[Black "Matthiesen, Martin"]
[Result "1-0"]
[WhiteElo "2466"]
[BlackElo "2273"]
[EventDate "2018.07.21"]
[WhiteFideId "12940690"]
[BlackFideId "1404067"]

1.Nf3 d5 2.d4 Nf6 3.c4 e6 4.Nc3 Be7 5.Bf4 O-O 6.e3 b6 7.Be2 Ba6 8.cxd5 
Nxd5 9.O-O c5 10.Bxa6 Nxa6 11.Qe2 Qc8 12.Nxd5 exd5 13.Rac1 Qb7 14.dxc5 
bxc5 15.Rfd1 Rfd8 16.Ne5 Bf8 17.b3 Rac8 18.Rd2 Nc7 19.Qf3 Nb5 20.a4 Na3 
21.Rd3 c4 22.Nxc4 Qb4 23.Qd1 dxc4 24.Rxd8 Rxd8 25.Qxd8 cxb3 26.Bd6 Qxd6 
27.Qxd6 Bxd6 28.Rc8+ Bf8 29.Rb8 a5 30.Rxb3 Bb4 31.Rb2 Kf8 32.Kf1 Nc4 33.
Ra2 Ke7 34.Ke2 Kd6 35.Kd3 Ne5+ 36.Kd4 f5 37.Rc2 Nd7 38.Kc4 Kc6 39.f3 Nc5 
40.Ra2 Nd7 41.Rc2 Bc5 42.Re2 Nb6+ 43.Kb3 Nd5 44.e4 Nf4 45.Rd2 fxe4 46.fxe4
Ne6 47.Kc4 Bd6 48.Rd5 Nc5 49.h3 Be7 50.Re5 Bd6 51.Rh5 h6 52.Rf5 Nxe4 53.
Rxa5 Ng5 54.Ra6+ Kd7 55.Kd5 Nf7 56.Ra7+ Bc7 57.a5 Nd8 58.a6 Nc6 59.Rb7 
Ne7+ 60.Kc5 Kc8 61.g4 g5 62.Rb1 Bb8 63.Ra1 Ba7+ 64.Kd6 Ng6 65.Re1 Bb8+ 66.
Kc6 1-0

[Event "Xtracon Chess Open 2018"]
[Site "Elsinore"]
[Date "2018.07.22"]
[Round "3"]
[White "Hoeffer, David"]
[Black "Salomon, Johan"]
[Result "0-1"]
[WhiteElo "2252"]
[BlackElo "2462"]
[EventDate "2018.07.21"]
[WhiteFideId "24606766"]
[BlackFideId "1509500"]

1.d4 Nf6 2.c4 e6 3.Nf3 d5 4.g3 Bb4+ 5.Bd2 Bd6 6.Bg2 c6 7.Qc2 Nbd7 8.O-O 
O-O 9.Bf4 Bxf4 10.gxf4 b6 11.Nbd2 Bb7 12.Ne5 Rc8 13.c5 bxc5 14.Nxd7 Nxd7 
15.dxc5 Qf6 16.e3 Ba6 17.Rfd1 e5 18.Ne4 Qg6 19.Qa4 Be2 20.Rd2 Nxc5 21.f5 
Qxg2+ 22.Kxg2 Nxa4 0-1

[Event "Xtracon Chess Open 2018"]
[Site "Elsinore"]
[Date "2018.07.22"]
[Round "3"]
[White "Nakar, Eylon"]
[Black "Bach, Matthias"]
[Result "1/2-1/2"]
[WhiteElo "2462"]
[BlackElo "2267"]
[EventDate "2018.07.21"]
[WhiteFideId "2811111"]
[BlackFideId "4603168"]

1.e4 e5 2.Nf3 Nc6 3.Bb5 Bc5 4.c3 f5 5.d4 fxe4 6.Bxc6 dxc6 7.Nxe5 Bd6 8.
Qh5+ g6 9.Qe2 Bf5 10.Bf4 Nf6 11.Nd2 Qe7 12.O-O O-O-O 13.Rae1 Nh5 14.Be3 
Bxe5 15.dxe5 Qh4 16.g3 Qh3 17.Qc4 Rd5 18.Nxe4 b5 19.Qxc6 Bxe4 20.Qa6+ Kd7 
21.e6+ Ke7 22.Bc5+ Rxc5 23.Rxe4 Nf6 1/2-1/2

[Event "Xtracon Chess Open 2018"]
[Site "Elsinore"]
[Date "2018.07.22"]
[Round "3"]
[White "Heimisson, Hilmir Freyr"]
[Black "Mu, Ke"]
[Result "0-1"]
[WhiteElo "2241"]
[BlackElo "2455"]
[EventDate "2018.07.21"]
[WhiteFideId "2309998"]
[BlackFideId "8602778"]

1.d4 Nf6 2.Bf4 g6 3.e3 Bg7 4.Nf3 O-O 5.h3 d6 6.Be2 c5 7.O-O Nc6 8.Nc3 Qb6 
9.d5 Qxb2 10.Nb5 Nb4 11.a3 Nfxd5 12.Rb1 Qa2 13.axb4 a6 14.Nc7 Nxc7 15.bxc5
Nd5 16.cxd6 Nc3 0-1